000 00574nam a2200217 a 4500
001 0001-2077
003 ELIB.Books
008 190722 2010 eng
020 _a0674445430
092 _a305.4
_bGil
100 _aGilligan, Carol.
245 _aIn a Different Voice
260 _aCambridge
_bHarvard University Press
_c1936
300 _a184
_c20.5cm
650 _aWomen-Psychology
856 _nKBTS Library
_uKBTS Elib
942 _2ddc
_cBK
990 _a5
998 _aEnglishbooks.elf
_ccat
_e2019-07-22
_mcat
_u2019-08-02
999 _c12077
_d12077